Music Quiz

Random Music or TV Show Quiz
Score 0/40 Timer 08:00
0 Plays Today
Hint Song Title % Correct
'Run you clever boy, and...'Remember Me
76.4%
'Don't turn your back, don't look away, and don't...'Blink (Suite)
74.5%
Two lovers stand against a wall, in separate UniversesDoomsday
70%
The Eleventh Doctor's triumphant themeI am the Doctor
69.1%
The Doctor remembers his home planetThis is Gallifrey: Our Childhood. Our Home
65.5%
The Doctor is sung to his sleepVale Decem
57.3%
Metal men invade Jackie's partyThe Cyberman
55.5%
The year of the moon landing1969
51.8%
The Doctor takes a bus full of strangers across a diamond planetMidnight
48.2%
Alfie Owens' preferred titleStormageddon, Dark Lord of All
48.2%
The Doctor makes an unorthadox mealFish Custard
47.3%
River reveals her identity to her parentsMelody Pond
46.4%
Trailer MusicAll the Strange, Strange Creatures (Trailer Music)
45.5%
The last human is on deckCassandra's Waltz
44.5%
An old enemy reintroduces himself onboard the CrucibleDavros
43.6%
The Doctor discovers another living Time LordYANA (Excerpt)
40.9%
Amy recalls an uninvited wedding guestI Remember You
40%
Craig finally let's Sophie know how he feelsKiss the Girl
39.1%
The Doctor tells the Pandorica Alliance to do the smart thingWords Win Wars
39.1%
Donna's wedding reception is in full swingLove Don't Roam
38.2%
Hint Song Title % Correct
A spoonhead rides an antigrav motorbikeUp the Shard
37.3%
An old friend of the Doctor's has passed awayBrigadier Lethbridge-Stewart
36.4%
The Bad Wolf divides the atoms of the DaleksRose Defeats the Daleks
34.5%
Strax makes a new navigator friendThomas Thomas
31.8%
'Your friend or your lover? Your choice!'Smith's Choice
30%
The TARDIS crashes through LondonDown to Earth
30%
Brian shouldn't have called it thatBrian's Log
29.1%
Mels gets in trouble with the headteacherGrowing up Fast
27.3%
Apparently, sheep sing to the Doctor and Clara, who ride a motorbikeBah Bah Biker
27.3%
The Doctor leaves a message for the Ponds on their honeymoonCome Along Pond
25.5%
Donna inhabits a world with Dr Moon and Lee McAvoyAll in the Mind
23.6%
The Doctor arrives in a snowy, victorian townA Victorian Christmas
23.6%
Wilfred Mott meets up with the Silver CloakWilf's Wiggle
23.6%
Brian Williams uses his balls to his advantageTake a Ride on Tricey
23.6%
Lady Christina breaks into a museumThe Cat Burglar
21.8%
'His name is Susan, and he'd like you to respect his life choices'Out West
19.1%
The 200 Bus returns home to LondonLithuania
17.3%
Craig Owens investigates the department storeLadieswear
17.3%
'Well, this is new'Save Us
15.5%
Clara was born...To Save the Doctor
13.6%
Remove Ads.
Support Sporcle.
Get the best of Sporcle when you Go Orange. This ad-free experience offers more features, more stats, and more fun while also helping to support Sporcle. Thank you for becoming a member.

You're not logged in!

Compare scores with friends on all Sporcle quizzes.
OR
Log In

Show Comments

Extras

Top Quizzes Today


Score Distribution

Your Account Isn't Verified!

In order to create a playlist on Sporcle, you need to verify the email address you used during registration. Go to your Sporcle Settings to finish the process.

Report this User

Report this user for behavior that violates our Community Guidelines.

Details: